000 00294nam a22001337a 4500
008 170922b xxu||||| |||| 00| 0 eng d
020 _a9780130493019
041 _aeng
080 _26TH
_a37
100 _a46
101 _aEDU
245 _aHANDBOOK FOR WRITERS
_cTROYKA,L.Q
942 _2udc
_cBK
999 _c29167
_d29167